000 00325pab a2200145 454500
008 180718b1998 xxu||||| |||| 00| 0 eng d
100 _aGupta, J.L.
245 _aJails in India: self-sustaining units
260 _c1998
300 _ap.10
362 _a8 Jul
650 _aPrisoners
773 _aTribune
909 _a39479
999 _c39479
_d39479